000 00539nam a2200169Ia 4500
008 220216s9999 xx 000 0 und d
100 _aZheng Xue-xiang
245 0 _aOptimization on SSR reaction system of Hevea brasiliensis
260 _bIRRDB Natural Rubber Conference 2008, 13-15 October 2008, Kuala Lumpur, Malaysia: Abstract of papers
500 _aSource Year: 2008
650 _aOptimization
650 _aSimple sequence repeat(SSR)
700 _aFeng Su-ping
700 _aLi Wei-guo
856 _uAbst only
942 _cJS
999 _c64435
_d64435